Top 20 Countries with Garcia as Surname - Statistics

General Stats
  • This quiz has been taken 340 times
  • The average score is 18 of 20
Answer Stats
# People Country % Correct
3,575,796 Mexico
100%
1,496,432 Spain
99%
320,032 Argentina
98%
950,808 United States
98%
70,567 Chile
96%
641,560 Colombia
95%
304,143 Peru
95%
402,190 Brazil
93%
490,209 Venezuela
93%
77,131 Bolivia
90%
40,688 Uruguay
90%
192,145 Ecuador
89%
305,889 Cuba
88%
417,200 Guatemala
86%
183,562 Honduras
86%
148,328 Nicaragua
82%
133,787 El Salvador
81%
164,059 Dominican Republic
76%
115,394 France
73%
441,075 Philippines
57%
No matching quizzes found
Score Distribution
Percent of People with Each Score
Percentile by Number Answered
Your Score History
You have not taken this quiz